<?xml version="1.0" encoding="UTF-8"?><collection xmlns="info:lc/xmlns/marcxchange-v2"><record format="Unimarc" type="bibliographic"><leader>00664nam  2200193   450 </leader><controlfield tag="001">2087869</controlfield><controlfield tag="003">http://id.bnportugal.gov.pt/bib/porbase/2087869</controlfield><datafield ind1=" " ind2=" " tag="010"><subfield code="a">0-252-01347-6</subfield></datafield><datafield ind1=" " ind2=" " tag="035"><subfield code="a">ESEL_BC_121.iso/07-01-2009/15414</subfield></datafield><datafield ind1=" " ind2=" " tag="100"><subfield code="a">19980423d1986    m  y0pory0103    ba</subfield></datafield><datafield ind1="0" ind2=" " tag="101"><subfield code="a">eng</subfield></datafield><datafield ind1=" " ind2=" " tag="102"><subfield code="a">US</subfield></datafield><datafield ind1="1" ind2=" " tag="200"><subfield code="a">Leadership and organizational culture</subfield><subfield code="e">new perspectves on administrative theory and practice</subfield><subfield code="f">Thomas J. Sergiovanni, John E. Corbally</subfield></datafield><datafield ind1=" " ind2=" " tag="210"><subfield code="a">Chicago</subfield><subfield code="c">University of Illinois</subfield><subfield code="d">1986</subfield></datafield><datafield ind1=" " ind2=" " tag="215"><subfield code="a">339 p.</subfield><subfield code="d">25 cm</subfield></datafield><datafield ind1=" " ind2=" " tag="675"><subfield code="a">37.015.4</subfield><subfield code="v">med</subfield><subfield code="z">fre</subfield></datafield><datafield ind1=" " ind2=" " tag="675"><subfield code="a">371.11</subfield><subfield code="v">med</subfield><subfield code="z">fre</subfield></datafield><datafield ind1=" " ind2="1" tag="700"><subfield code="a">Sergiovanni</subfield><subfield code="b">Thomas J.</subfield></datafield><datafield ind1=" " ind2="1" tag="701"><subfield code="a">Corbally</subfield><subfield code="b">John E.</subfield><subfield code="4">070</subfield></datafield><datafield ind1=" " ind2="0" tag="801"><subfield code="a">PT</subfield><subfield code="b">ESEL</subfield><subfield code="g">RPC</subfield></datafield></record></collection>